000 00878nam a22002777a 4500
001 5560
003 FISKH
005 20241217155810.0
008 241217b cb ||||| |||| 00| 0 eng d
020 _a9780806944685
040 _aFISKH
_beng
_cFISKH
_dFISKH
050 _aGV1216.L48
082 _a796.2
100 _aLevine, Shar
245 _aAwesome Yo-Yo tricks /
_cby Shar Levine & Bob Bowden
260 _aNew York :
_bSterling Publishing Co, Inc ;
_c2000.
300 _a96 pages :
_bcolor illustrations ;
_c24 cm.
505 _aS
520 _aPresents the history of the yo-yo and describes the basic techniques involve in simple, intermediate, and advanced tricks.
521 8 _a790
_bLexile estimate
521 8 _aS
_bRaz-Plus
650 _ayo-yo
_vNon-fiction
700 _aBowden, Bob
_eillustrator
942 _2ddc
_cBK
_n0
999 _c5560
_d5560